000 00405nam a2200133Ia 4500
008 240719s9999 xx 000 0 und d
041 _aeng
082 _a519.5 MEH
100 _aMehmetoglu, Mehmet
245 _aApplied Statistics Using Stata A Guide For The Social Sciences
260 _aNew Delhi
_bSage Publications
_c2022
300 _a465.; P 24 Cm.
520 _aFaculty Purchase By Prof Subodh Tagare
999 _c41296
_d41296